000 00759nam a22002417a 4500
003 UA-OsUOA
001 49133
007 ta
008 20131212b un ||||| |||| 00| 0 ukr d
100 _aMeffert F.
090 _a09.-94(430)
942 _cBR
040 _aUA-OsUOA
_bger
_cUA-OsUOA
_dUA-OsUOA
245 _aDer Kommunistische und proletarische charakter des urchristentums: Ein Beitrag zur Frage Christentum und Politik
300 _a30 s.
955 _a4
041 _ager
080 _a09.-94(430)
260 _aAiflage
_bVerlag Bitter & Co., Recklinghausen
_c1946
650 7 _a0 Загальний відділ.
_2UDC
999 _c429255
_d429255